<?xml version="1.0" encoding="UTF-8"?>
<collection xmlns="http://www.loc.gov/MARC21/slim">
 <record>
  <leader>00561pamaa2200157   4500</leader>
  <controlfield tag="001">0000016607</controlfield>
  <controlfield tag="005">20070130090000.0</controlfield>
  <datafield tag="020" ind1="0" ind2="0">
   <subfield code="a">13940139 </subfield>
  </datafield>
  <datafield tag="090" ind1="0" ind2="0">
   <subfield code="a">LA1238 </subfield>
   <subfield code="b">EDU 1997</subfield>
  </datafield>
  <datafield tag="245" ind1="0" ind2="0">
   <subfield code="a">EDUCATION guide Malaysia 1997/1998  </subfield>
   <subfield code="c">Challenger Concepts.</subfield>
  </datafield>
  <datafield tag="250" ind1="0" ind2="0">
   <subfield code="a">4th ed.</subfield>
  </datafield>
  <datafield tag="260" ind1="0" ind2="0">
   <subfield code="a">Kuala Lumpur: </subfield>
   <subfield code="b">Challenger Concepts, </subfield>
   <subfield code="c">1997.</subfield>
  </datafield>
  <datafield tag="300" ind1=" " ind2=" ">
   <subfield code="a">xxxiii, 600p.; </subfield>
   <subfield code="c">28cm.</subfield>
  </datafield>
  <datafield tag="650" ind1="0" ind2="0">
   <subfield code="a">Private schools -- </subfield>
   <subfield code="x">Handbooks, manuals, etc -- </subfield>
   <subfield code="z">Malaysia </subfield>
  </datafield>
  <datafield tag="650" ind1="0" ind2="0">
   <subfield code="a">Education -- </subfield>
   <subfield code="x">Handbooks, manuals, etc -- </subfield>
   <subfield code="z">Malaysia </subfield>
  </datafield>
  <datafield tag="650" ind1="0" ind2="0">
   <subfield code="a">Education, Higher -- </subfield>
   <subfield code="x">Handbooks, manuals, etc -- </subfield>
   <subfield code="z">Malaysia </subfield>
  </datafield>
 </record>
</collection>
